=LDR 00000nam 2200000 4500 =001 INLIS000000000053273 =005 20180430085800 =035 ##$$a 0010-0418000164 =007 ta =008 180430###########################0###### =020 ##$$a 978-602-202-118-6 =082 ##$$a 614.599 3 =084 ##$$a 614.599 3 NAN c =100 #$$a Nana Noviana =245 1#$$a Catatan Kuliah Kesehatan Repnoduksi dan HIV / AIDS /$c Nana Noviana =250 ##$$a Cet.1 =260 ##$$a Jakarta :$b Trans Info Media,$c 2013 =300 ##$$a 103 hlm : $b ilus ; $c 21 cm =650 ##$$a AIDS =504 ##$$a Bibliografi hlm.97 =990 ##$$a 73237323